Bilecik Bilecik Bilecik Bilecik Bilecik

Hayatta en hakiki mürşit ilimdir/ (Record no. 74285)

MARC details
000 -BAŞLIK
Sabit Uzunluktaki Kontrol Alanı 01527nam a22003857a 4500
001 - KONTROL NUMARASI
Control Dosyası 0073530
003 - KONTROL NUMARASI KİMLİĞİ
Kontrol Alanı KOHA_MİRAKIL
005 - EN SON İŞLEM TARİHİ ve ZAMANI
Kontrol Alanı 20260207005143.0
007 - FİZİKSEL TANIM SABİT ALAN - GENEL BİLGİ
Sabit uzunluklu kontrol alanı ta
008 - SABİT UZUNLUKTAKİ VERİ ÖGELERİ - GENEL BİLGİ
Sabit Alan 250325b1990 tu |||gr||||#0|||0|tur |
020 ## - ISBN - ULUSLARARASI STANDART KİTAP NUMARASI
Isbn 9751707048
Nitelik bilgileri
040 ## - KATALOGLAMA KAYNAĞI
Özgün Kataloglama Kurumu TR-BiSEU
Kataloglama Dili tur
Çeviri Kurumu TR-BiSEU
Açıklama Kuralları rda
041 0# - DİL KODU
Metin ya da ses kaydının dil kodu tur
044 ## - YAYINLAYAN/ÜRETEN KURULUŞUN ÜLKE KODU
ISO country code tu
050 ## - SINIFLAMA ve YER NUMARASI
Sınıflama Numarası Q175
Yer Numarası .S29 1990
100 1# - KİŞİ ADI
Yazar Adı (Kişi adı) Sayılı, Aydın.
245 1# - ESER ADI BİLDİRİMİ
Başlık Hayatta en hakiki mürşit ilimdir/
Sorumluluk Bildirimi Aydın Sayılı ; Aydın Sayılı.
264 #1 - ÜRERİM, YAYIN, DAĞITIM ve TELİF BİLDİRİMİ
Yayın yeri Ankara :
Yayınlayan Metropol Yayıncılık
Yayın tarihi 1990
300 ## - FİZİKSEL TANIMLAMA
Sayfa, Cilt vb. 199 sayfa; 20 cm.
336 ## - İÇERİK TÜRÜ
Content type term metin
Content type code txt
Source rdacontent
337 ## - MEDYA TÜRÜ
Media type term aracısız
Media type code n
Source rdamedia
338 ## - TAŞIYICI TÜRÜ
Carrier type term cilt
Carrier type code nc
Source rdacarrier
490 1# - DİZİ BİLDİRİMİ
Dizi Bildirimi Kültür Bakanlığı yayınları ;
Cilt Numarası 1245.
490 1# - DİZİ BİLDİRİMİ
Dizi Bildirimi Bilim ve Teknik Eserleri dizisi ;
Cilt Numarası 4
500 ## - GENEL NOT
Genel Not Kaynakça ve dizin var.
650 #0 - KONU BAŞLIĞI EK GİRİŞ - KONU TERİMİ
Konusal terim veya coğrafi ad Tarih boyunca ve günümüzde mürşit olan ilim adamları.
9 (RLIN) 148227
650 #0 - KONU BAŞLIĞI EK GİRİŞ - KONU TERİMİ
Konusal terim veya coğrafi ad İlmin bazı özellikleri.
9 (RLIN) 148228
650 #0 - KONU BAŞLIĞI EK GİRİŞ - KONU TERİMİ
Konusal terim veya coğrafi ad İlmin ilerlemesi ve ilerlemenin tahlili.
9 (RLIN) 148229
650 #0 - KONU BAŞLIĞI EK GİRİŞ - KONU TERİMİ
Konusal terim veya coğrafi ad İlim ve teknoloji-ilmin insan ihtiyaçlarına uygulanması.
9 (RLIN) 148230
650 #0 - KONU BAŞLIĞI EK GİRİŞ - KONU TERİMİ
Konusal terim veya coğrafi ad Scientists who have been mentors throughout history and today.Some characteristics of science.The progress of science and the analysis of progress.Science and technology-the application of science to human needs.
9 (RLIN) 148231
830 1# - SERİ EK GİRİŞİ - TEKBİÇİM ESER ADI
Tekbiçim Başlık Kültür Bakanlığı yayınları ;
Volume number/sequential designation 1245.
9 (RLIN) 6658
830 1# - SERİ EK GİRİŞİ - TEKBİÇİM ESER ADI
Tekbiçim Başlık Bilim ve Teknik Eserleri dizisi ;
Volume number/sequential designation 4
9 (RLIN) 148232
907 ## - LOCAL DATA ELEMENT G, LDG (RLIN)
a Bilim
942 ## - EK GİRİŞ ÖGELERİ (KOHA)
Source of classification or shelving scheme Library of Congress Classification
Koha item type Book
Holdings
Materyal Türü Kalıcı Konum Mevcut Konum Raf Yeri Sınıflandırma Kaynağı Edinim Bilgisi Ana Konular Alt Konular Yer Numarası Demirbaş Numarası Fatura Tarihi Geri Çekilme Durumu Kayıp Durumu Hasarlı Durumu Kredi için değil Kayıt Tarih Toplam Ödünçverme Son Görülme Tarihi Son Kontrol Tarihi Genel / Bağış Notu
Book Prof. Dr. Azmi Özcan Kütüphanesi Prof. Dr. Azmi Özcan Kütüphanesi Birûni Salonu Library of Congress Classification Bağış BİLİM Bilim (Genel) Q175 .S29 1990 0073530 02/02/2026         25/03/2025   13/05/2025 13/05/2025 Christopher FERRARD, Akademisyen